1131 1021 1482 1062 1823 1849 1681 1203 1903 1615 1483 1344 1423 1385 1594 1986 1182 1125 1468 1728 1775 1658 1955 1737 1975 1763 1039 1187 1234 1476 1435 1554 1469 1283 1868 1228 1587 1097 1747 1398 1186 1178 1269 1688 1939 1331 1626 1992 1564 1032 1285 1074 1146 1413 1006 1613 1973 1417 1157 1745 1268 1470 1961 1990 1737 1957 1282 1893 1202 1321 1117 1400 1726 1332 1923 1979 1151 1085 1911 1637 1095 1668 1624 1806 1867 1034 1060 1074 1253 1668 1483 1366 1095 1746 1526 1653 1976 1999 1882 BCNSPRNW ULIB Ver.6.0+V

เปลี่ยนเป็นภาษาไทย

Change to English
 แสดงรายละเอียดบรรณานุกรม
  กลับหน้าหลัก

Brief Record : Get Marc (ISO 2709) : E-mail record : QR code < ปิดหน้าต่าง
LEADER : 00000nam 2200000uu 4500
001    13399108455
003     ULIB
008    110304s2551||||th 000 0 tha d
020    9745737887
060 04 WO149^bว442ภ 2551
100 0  วัลภา คุณทรงเกียรติ
245 10 ภาวะช็อคและการพยาบาล =^bShock and nursing care /^cวัลยาคุณทรงเกียรติ
246 31 Shock and nursing care
250    พิมพ์ครั้งที่ 3
260    ชลบุรี :^bภาควิชาการพยาบาลอายุรศาสตร์และศัลยศาสตร์คณะพยาบาลศาสตร์ มหาวิทยาลัยบูรพา,^c2551
300    ช, 149 หน้า :^bภาพประกอบ ;^c27 ซม.
500 ตำ ราเล่มนี้ได้รับการสนับสนุนงบประมาณจากโครงการตำราคณะพยาบาลศาสตร์มหาวิทยาลัยบูรพา
650  7 ช็อค^xการพยาบาล
650  7 ภาวะฉุกเฉิน^xการพยาบาล
710 2  มหาวิทยาลัยบูรพา.^bภาควิชาการพยาบาลอายุรศาสตร์และศัลยศาสตร์
945    ^p180^l0^i027292
945    ^p180^l0^i025894
945    ^p180^l0^i025893
945    ^p180^l0^i025892
995    ทศพร
999 ^a ใช้งานได้ทุกระบบ
รายการนี้ยังไม่มีแท็ก
คุณยังไม่ได้ล็อกอิน คุณสามารถมีกิจกรรมร่วมกับเว็บไซต์ได้ แต่ต้องล็อกอินก่อน ::
  ล็อกอิน

รายการสื่อสารสนเทศ

ลำดับที่ ประเภท เลขเรียก/บาร์โค้ด สถานที่ สถานะ
- ไม่พบข้อมูล -

รายการใกล้เคียง
    ผู้แต่ง [วัลภา คุณทรงเกียรติ]

BibComment


ยังไม่เคยถูกคอมเมนท์

คอมเมนท์ทรัพยากรรายการนี้
  คอมเมนท์: ภาวะช็อคและการพยา..


 Copyright 2026. Bcnsprnw @Library